[Event "POL-chT3 Kujawsko-Pomorskie 2223"]
[Site "Poland"]
[Date "2022.??.??"]
[Round "2.46"]
[White "Stasiak, Tomasz"]
[Black "Leszczynski, Pawel"]
[Result "1/2-1/2"]
[WhiteElo "1569"]
[BlackElo "1364"]
[PlyCount "79"]
[EventDate "2022.11.13"]
[EventType "team-swiss"]
[EventRounds "7"]
[EventCountry "POL"]
[SourceTitle "EXT 2024"]
[Source "ChessBase"]
[SourceDate "2023.10.10"]
[SourceVersion "1"]
[SourceVersionDate "2023.10.10"]
[SourceQuality "1"]

1. d4 d5 2. Nf3 c6 3. g3 Nf6 4. Bg2 h6 5. Nbd2 Bf5 6. 0-0 e6 7. e3 Be7 8. c4 Bd3 9. Re1 dxc4 10. Ne5 Bh7 11. Ndxc4 0-0 12. Qa4 b5 13. Nxc6 bxa4 14. Nxd8 Be4 15. Bxe4 Nxe4 16. Nb7 Rc8 17. b3 Bb4 18. Rf1 Nc6 19. a3 Rab8 20. axb4 Rxb7 21. f3 Nc3 22. Nd6 Rcc7 23. Nxb7 Rxb7 24. Bd2 Nd5 25. Rxa4 Ncxb4 26. Rb1 Nc2 27. Kf2 Ndb4 28. Ke2 Nd5 29. b4 Ncxe3 30. Bxe3 Nc3+ 31. Kd2 Nxa4 32. Bf4 Rd7 33. Be3 Nb6 34. Ke2 Nd5 35. Rb3 Rb7 36. Bd2 Kf8 37. Kd3 a6 38. Kc4 Rb5 39. Ra3 Rb6 40. Ra5 1/2-1/2